000 00647nam a2200253Ia 4500
005 20250425162054.0
008 250425s9999 xx 000 0 und d
041 _aspa
082 _a576.163
100 _aAA, S
245 0 _aMANUAL DE MEDIOS DE CULTIVO
250 _a1A ED.
260 _aS.L.
260 _aSin Pais
_bMERCK
_c1994
300 _a364
500 _aEN CIBGZ-FIMCP D-30248. D-30968/72 C.2 -6 D-30978/979 C.7-8
_5.00 DIC.20.05 PARA ING. ALIMENTOS.- MHP.
650 _aBACTERIAS
650 _aCULTIVOS
650 _aMICROBIOLOGIA
650 _aMICROORGANISMOS
710 _aMERCK
942 _c01
010 _a47370
999 _c221791
_d221791